000 00841nas a2200265 4500
001 BR9601581
003 BR-BrBNA
005 20231205094705.0
007 ta
008 230509b bl.|||p| |||| 00| 00por d
040 _aBR-BrBNA
_bpor
_cBiblioteca Nacional de Agricultura
041 _a(Pt)
072 _aL50; L01
100 1 _aFlemming, R.
100 1 _aAndriguetto, M.
245 1 _aDeterminacao de idade ideal de abate de frangos de corte considerando-se os teores de umidade, proteina e extrato etereo da carcaca
650 _aFrango de Corte
650 _aAbate
650 _aCarcaca
650 _aTeor de Umidade
650 _aComposicao Quimica
773 0 _tRevista do Setor de Ciencias Agrarias (Brazil)
_x
_g(1994), v. 13(1-2) p. 93-98
_wBR9601581
909 _a202311
_bLúcia
_c55
_dLúcia Elande
942 _2AGRIS
_n0
_cANA
999 _c146160
_d146160